KOcur

Bibliographic Details
Format: Serial
Language:Czech
PhysicalDescription:zv. cm
Published: Slezská Ostrava s.n. 1919-?

MARC

LEADER 00000cas a2200000 a 4500
001 vtls001458470
003 SK-MaSNL
005 20260221115748.0
008 030814d1919uuuuxr x 0 0 0cze c
035 |a SNK000413777 
040 |a SNK  |b slo  |c SNK  |e AACR2 
041 0 |a cze 
044 |a xr  |c CZ 
245 0 0 |a KOcur 
260 |a Slezská Ostrava  |b s.n.  |c 1919-? 
300 |a zv.  |c cm 
910 |a snk 
999 |c 5015  |d 6945 
952 |0 0  |1 1  |4 0  |7 0  |8 5  |a SNK  |b SNK  |d 2003-08-14  |i snkF 2197/79  |l 0  |o snkČB 4235/1/1919  |p 17A0394300  |r 2005-01-02 00:00:00  |t č. 1  |w 2026-02-21  |y PREZ